[Event "ISR-chT U18"]
[Site "Beer Yaakov"]
[Date "2022.08.15"]
[Round "4.4"]
[White "Zusman, Noa"]
[Black "Gorshtein, Asaf"]
[Result "0-1"]
[WhiteElo "1246"]
[BlackElo "2083"]
[PlyCount "104"]
[EventDate "2022.08.14"]
[EventType "team-swiss"]
[EventRounds "7"]
[EventCountry "ISR"]
[SourceTitle "CBM 209 Extra"]
[Source "ChessBase"]
[SourceDate "2022.09.30"]
[SourceVersion "1"]
[SourceVersionDate "2022.09.30"]
[SourceQuality "1"]

1. e4 c6 2. d4 d5 3. e5 Bf5 4. Nf3 e6 5. Be2 Nd7 6. 0-0 h6 7. Re1 Ne7 8. Nbd2 g5 9. h3 Bg7 10. Nf1 Bg6 11. Ne3 c5 12. c3 a6 13. a3 c4 14. b3 b5 15. b4 a5 16. Bb2 Nb6 17. Qd2 Nc6 18. Bd1 axb4 19. axb4 Rxa1 20. Bxa1 Qa8 21. Bc2 Bxc2 22. Nxc2 Qa2 23. Qc1 Kd7 24. Kf1 Ra8 25. Bb2 Na4 26. Ba1 Nb6 27. Bb2 Qa6 28. Qd2 Qb7 29. Na3 Na4 30. Ra1 Bf8 31. Qc2 Nxb2 32. Qxb2 Ra4 33. Qc2 Qa6 34. Qc1 Nxb4 35. cxb4 Bxb4 36. Nc2 Rxa1 37. Qxa1 Qxa1+ 38. Nxa1 Bc3 39. Nc2 b4 40. Nxb4 Bxb4 41. Ke2 Kc6 42. Kd1 Kb5 43. Kc2 Be7 44. h4 g4 45. Nh2 h5 46. f3 g3 47. Nf1 Bxh4 48. Kc3 Ka4 49. Kd2 Kb3 50. Kc1 Bg5+ 51. Kb1 c3 52. Ka1 c2 0-1